000 00314nam a2200145Ia 4500
100 _aSolecki/Roman
942 _cBK
366 _f20
245 _aAdvanced mechanics of materials
260 _bOxford university press
_c2003
082 _a620.1123/SOL
_bSOL
300 _a763
546 _aENGLISH
999 _c26752
_d26752